Statistics for English verbs and their second forms

Click here to take the quiz!

General Stats

  • This quiz has been taken 25 times
  • The average score is 14 of 15

Answer Stats

HintAnswer% Correct
FindFound
100%
GiveGave
100%
GetGot
100%
KeepKept
100%
EatAte
95%
BuyBought
95%
DoDid
95%
DriveDrove
95%
FeelFelt
95%
FlyFlew
95%
BeWas
95%
DrinkDrank
91%
HaveHad
91%
GoWent
91%
BeWere
77%

Score Distribution

Percentile by Number Answered

Percent of People with Each Score

Your Score History

You have not taken this quiz